[Event "Aimchess Play In op"]
[Site "Chess.com INT"]
[Date "2023.06.12"]
[Round "5"]
[White "Pranesh, M."]
[Black "Karthikeyan, Murali"]
[Result "0-1"]
[WhiteElo "2493"]
[BlackElo "2628"]
[PlyCount "116"]
[EventDate "2023.06.12"]
[EventType "swiss (rapid)"]
[EventRounds "9"]
[EventCountry "USA"]
[SourceTitle "CBM 214 Extra"]
[Source "ChessBase"]
[SourceDate "2023.07.31"]
[SourceVersion "1"]
[SourceVersionDate "2023.07.31"]
[SourceQuality "1"]

1. e4 c5 2. Nf3 Nc6 3. d4 cxd4 4. Nxd4 e5 5. Nb5 d6 6. N1c3 a6 7. Na3 Be6 8. Nc4 b5 9. Ne3 Nf6 10. Ned5 Be7 11. Bd3 0-0 12. 0-0 b4 13. Nxe7+ Qxe7 14. Ne2 d5 15. Ng3 Rfd8 16. Qe1 h6 17. Kh1 dxe4 18. Nxe4 Bf5 19. f3 Nd4 20. Be3 Rac8 21. Rc1 a5 22. Qg3 Nxe4 23. fxe4 Bg6 24. Rf2 a4 25. Rcf1 Rc6 26. b3 Rdc8 27. Bc4 Rxc4 28. bxc4 Rxc4 29. h4 Kh7 30. Bxd4 Rxd4 31. h5 Bxh5 32. Rf5 Bg6 33. Rxe5 Qc7 34. Kh2 Qxc2 35. Re8 Rxe4 36. Ra8 Re2 37. Qb8 Bf5 38. Kh1 Qe4 39. Qg3 b3 40. axb3 axb3 41. Rf8 Bg6 42. R8xf7 Bxf7 43. Rxf7 Qd4 44. Qf3 Re1+ 45. Kh2 Qh4+ 46. Qh3 Qxh3+ 47. Kxh3 b2 48. Rb7 b1Q 49. Rxb1 Rxb1 50. Kh4 Rb4+ 51. g4 Kg6 52. Kh3 Kg5 53. Kg3 Rxg4+ 54. Kh2 h5 55. Kh1 Rg3 56. Kh2 Kg4 57. Kh1 Kf3 58. Kh2 Kf2 0-1

[Event "Aimchess Play In op"]
[Site "Chess.com INT"]
[Date "2023.06.12"]
[Round "6"]
[White "Yu, Yangyi"]
[Black "Karthikeyan, Murali"]
[Result "1/2-1/2"]
[WhiteElo "2734"]
[BlackElo "2628"]
[PlyCount "75"]
[EventDate "2023.06.12"]
[EventType "swiss (rapid)"]
[EventRounds "9"]
[EventCountry "USA"]
[SourceTitle "CBM 214 Extra"]
[Source "ChessBase"]
[SourceDate "2023.07.31"]
[SourceVersion "1"]
[SourceVersionDate "2023.07.31"]
[SourceQuality "1"]

1. e4 c5 2. Nf3 Nc6 3. d4 cxd4 4. Nxd4 Nf6 5. Nc3 d6 6. Bc4 Bd7 7. Be3 Ng4 8. Nxc6 bxc6 9. Bd2 g6 10. h3 Nf6 11. Qe2 Bg7 12. 0-0 0-0 13. Rad1 Rb8 14. b3 Qc7 15. Rfe1 Rbe8 16. Qf3 Bc8 17. Bf4 Nd7 18. Qe3 Qa5 19. Na4 Ne5 20. Bf1 c5 21. Qd2 Qxd2 22. Bxd2 Nc6 23. Bb5 Bd7 24. Bc3 Rd8 25. e5 Nd4 26. Bxd7 Rxd7 27. exd6 Rxd6 28. Kf1 Nxc2 29. Rxd6 exd6 30. Re7 Nb4 31. Rxa7 Nxa2 32. Bxg7 Kxg7 33. Nxc5 dxc5 34. Rxa2 Rb8 35. Ra3 Rb4 36. Ke2 c4 37. bxc4 Rxc4 38. g3 1/2-1/2

[Event "Dubai op-A 23rd"]
[Site "Dubai"]
[Date "2023.06.04"]
[Round "9"]
[White "Iskandarov, Misratdin"]
[Black "Karthikeyan, Murali"]
[Result "1/2-1/2"]
[WhiteElo "2577"]
[BlackElo "2627"]
[PlyCount "40"]
[EventDate "2023.05.27"]
[EventType "swiss"]
[EventRounds "9"]
[EventCountry "UAE"]
[SourceTitle "CBM 214 Extra"]
[Source "ChessBase"]
[SourceDate "2023.07.31"]
[SourceVersion "1"]
[SourceVersionDate "2023.07.31"]
[SourceQuality "1"]

1. e4 e5 2. Nf3 Nc6 3. Bb5 a6 4. Ba4 Bc5 5. 0-0 Nge7 6. c3 Ng6 7. d4 Ba7 8. Bb3 h6 9. dxe5 Ngxe5 10. Nd4 d6 11. Nxc6 bxc6 12. Bf4 Qf6 13. Bxe5 Qxe5 14. Nd2 0-0 15. Qf3 Be6 16. Qd3 Qb5 17. Qc2 Qe2 18. Qd1 Qxd1 19. Re1 Qxa1 20. Rxa1 Rab8 1/2-1/2

[Event "Dubai op-A 23rd"]
[Site "Dubai"]
[Date "2023.05.30"]
[Round "4"]
[White "Badelka, Olga"]
[Black "Karthikeyan, Murali"]
[Result "0-1"]
[WhiteElo "2406"]
[BlackElo "2627"]
[PlyCount "104"]
[EventDate "2023.05.27"]
[EventType "swiss"]
[EventRounds "9"]
[EventCountry "UAE"]
[SourceTitle "CBM 214 Extra"]
[Source "ChessBase"]
[SourceDate "2023.07.31"]
[SourceVersion "1"]
[SourceVersionDate "2023.07.31"]
[SourceQuality "1"]

1. d4 Nf6 2. c4 g6 3. Nc3 Bg7 4. e4 d6 5. Nf3 0-0 6. Be2 e5 7. 0-0 Na6 8. Be3 Qe7 9. d5 Nc5 10. Nd2 a5 11. a3 a4 12. Bxc5 dxc5 13. Nxa4 h5 14. Nc3 Bh6 15. Re1 Ra6 16. Nf1 Nh7 17. Qd3 Ng5 18. Bd1 f5 19. exf5 Bxf5 20. Qe2 Qf7 21. f3 e4 22. fxe4 Nxe4 23. Nxe4 Bxe4 24. Bc2 Bxc2 25. Qxc2 Bg7 26. Ng3 Rb6 27. Rf1 Rxb2 28. Qxb2 Bxb2 29. Rxf7 Rxf7 30. Rb1 Bd4+ 31. Kh1 Re7 32. h4 Re3 33. Nf1 Rxa3 34. Nd2 Be5 35. Kg1 b6 36. Ne4 Re3 37. Ng5 Bg3 38. Rf1 Bxh4 39. Ne6 Bg3 40. Nf8 Kg7 41. Ne6+ Kh6 42. Rc1 h4 43. Nd8 g5 44. Ne6 Re4 45. Kf1 g4 46. Kg1 Kh5 47. Ng7+ Kg6 48. Ne6 Kf6 49. Kf1 c6 50. Rd1 Rxc4 51. d6 Kxe6 52. d7 Bc7 0-1